1948 1831 1940 1900 1454 1376 1165 1052 1694 1917 1420 1148 1673 1129 1741 1843 1050 1801 1251 1061 1252 1017 1099 1153 1761 1787 1496 1004 1072 1469 1191 1500 1984 1231 2000 1940 1730 1670 1026 1624 1893 1967 1345 1556 1105 1230 1336 1537 1030 1555 1060 1282 1451 1620 1774 1263 1654 1054 1201 1417 1636 1602 1377 1292 1907 1438 1340 1758 1671 1268 1621 1110 1763 1273 1776 1270 1338 1383 1011 1123 1522 1886 1280 1654 1020 1395 1454 1915 1670 1180 1879 1857 1324 1932 1916 1254 1615 1299 1783 BCNSPRNW ULIB Ver.6.0+V

เปลี่ยนเป็นภาษาไทย

Change to English
 แสดงรายละเอียดบรรณานุกรม
  กลับหน้าหลัก

Brief Record : Get Marc (ISO 2709) : E-mail record : QR code < ปิดหน้าต่าง
LEADER : 00000nam 2200000uu 4500
001    13399125995
003     ULIB
008    020711s2560 th a 000 0 tha d
020    ^a9786168139196
050    ^aBQ4570^bก-ค
100    ^aกษิดิศ อนันทนาธร
245    ^aคนทุกคนจะถูกลืม
260    ^aกรุงเทพฯ :^bมหาวิทยาลัยธรรมศาสตร์,^c2560
300    ู^a224 หน้า;^c19 ซม.
650    ^aปรัชญากับสังคมศาสตร์
945    ^p200^l0^i003419
945    ^p200^l0^i003420
999    ^aประนอม เกษจรัล
รายการนี้ยังไม่มีแท็ก
คุณยังไม่ได้ล็อกอิน คุณสามารถมีกิจกรรมร่วมกับเว็บไซต์ได้ แต่ต้องล็อกอินก่อน ::
  ล็อกอิน

รายการสื่อสารสนเทศ

ลำดับที่ ประเภท เลขเรียก/บาร์โค้ด สถานที่ สถานะ
1. การศึกษาทั่วไป
การศึกษาทั่วไป
BQ4570 ก-ค ฉ.1 
  Barcode: 003419
ห้องสมุดวิทยาเขตสวรรค์ประชารักษ์
►หนังสือทั่วไป
บนชั้น
2. การศึกษาทั่วไป
การศึกษาทั่วไป
BQ4570 ก-ค ฉ.2 
  Barcode: 003420
ห้องสมุดวิทยาเขตสวรรค์ประชารักษ์
►หนังสือทั่วไป
บนชั้น

BibComment


ยังไม่เคยถูกคอมเมนท์

คอมเมนท์ทรัพยากรรายการนี้
  คอมเมนท์: คนทุกคนจะถูกลืม


 Copyright 2026. Bcnsprnw @Library